000 01835naa a22003497a 4500
001 BR8401039
003 BR-BrBNA
005 20250721154432.0
007 ta
008 250630b bl.|||m| |||| 00| 0 por d
040 _aBR-BrBNA
_bpor
_cBiblioteca Nacional de Agricultura
041 _a(Pt)
072 _aL10
_b5300
090 _aL10 BR8401039
100 1 _aMunari, J.L.P.
100 1 _aWentz, I.
111 1 _a3. Simposio do Centro Nacional de Pesquisa de Suinos e Aves; 2. Simposio Catarinense de Sanidade Suina
_cConcordia, SC (Brazil)
_d7-11 Nov 1983
245 1 _aHorarios de inicio do cio, sua duracao e a influencia de diferentes momentos de inseminacao sobre o desempenho de porcas e leitoas, nos meses de verao [ciclo estral, fertilidade animal]
246 1 _a[Oestrus starting time, its duration and the influence of different insemination moments on the performance of the sow and female piglets, during summer months [oestrus cycle, animal fertility]]
246 1 _a[Annals of the 3. Symposium of the National Center of Swine and Poultry Research and of the 2. Swine Health Symposium of Santa Catarina]
500 _aAnais do 3. Simposio do Centro Nacional de Pesquisa de Suinos e Aves e do 2. Simposio Catarinense de Sanidade Suina Concordia, SC (Brasil): 1983. p. 331-334 (BR8401039-AMS)
773 0 _tAnais do 3. Simposio do Centro Nacional de Pesquisa de Suinos e Aves e do 2. Simposio Catarinense de Sanidade Suina
_wL10 BR8401039
_gConcordia, SC (Brasil), 1983. p. 331-334
650 _aSUINO
650 _aFEMEA
650 _aCICLO ESTRAL
650 _aFERTILIDADE ANIMAL
650 _aEFICIENCIA REPRODUTIVA
650 _aINSEMINACAO
490 _aDocumentos - Centro Nacional de Pesquisa de Suinos e Aves (Brazil)
_vno. 7
942 _cAMS
_2AGRIS
909 _a202506
_bLúcia
_c55
_dLúcia Elande
999 _c334748
_d334748